Countries Most Similar To Bosnia & Herzegovina - Statistics

General Stats
  • This quiz has been taken 104 times
  • The average score is 16 of 20
Answer Stats
Rank Country Score % Correct
3 Croatia 81.9
99%
2 Serbia 83.8
99%
8 Albania 73.8
91%
1 Montenegro 84.3
91%
6 Slovenia 74.8
91%
5 Bulgaria 76.7
89%
20 Greece 67
86%
4 North Macedonia 80.3
84%
9 Romania 72.9
83%
7 Slovakia 74.7
83%
17 Italy 67.6
81%
13 Hungary 69.9
79%
12 Ukraine 70.6
77%
18 Austria 67.6
76%
14 Moldova 69.5
76%
10 Poland 72.8
76%
11 Czechia 72.1
73%
15 Belarus 69.1
70%
16 Latvia 68.3
59%
19 Lithuania 67.2
57%
No matching quizzes found
Score Distribution
Percent of People with Each Score
Percentile by Number Answered
Your Score History
You have not taken this quiz